Ortschaften des Kantons Schwyz - Statistiken

Allgemein
  • Dieses Quiz wurde 191 mal gespielt
  • Das Durchschnittsergebnis liegt bei 38 aus 55
Antworten auf der Karte
Die Antworten werden auf der Karte rot bzw. grün angezeigt, abhängig davon wie oft sie richtig erraten wurden.
 
Antwortstatistiken
Einwohner Ortschaft % Korrekt
6’587 Schwyz
98%
10’173 Einsiedeln
92%
9’743 Küssnacht am Rigi
92%
9’472 Lachen
92%
7’557 Pfäffikon
92%
6’379 Goldau
88%
3’806 Arth
87%
9’338 Brunnen
85%
2’650 Rothenthurm
85%
2’075 Sattel
82%
7’195 Wollerau
82%
2’393 Gersau
78%
1’130 Lauerz
78%
2’910 Muotathal
78%
3’762 Steinen
78%
1’727 Feusisberg
77%
3’148 Freienbach
77%
1’018 Morschach
77%
874 Oberiberg
77%
2’035 Unteriberg
77%
964 Steinerberg
75%
1’181 Bennau
73%
3’903 Schindellegi
73%
1’002 Vorderthal
73%
7’363 Altendorf
72%
3’077 Immensee
72%
184 Innerthal
72%
84 Riemenstalden
72%
3’318 Tuggen
72%
3'409 Galgenen
68%
4’113 Reichenburg
68%
3’373 Seewen
68%
3’919 Wangen
68%
821 Illgau
67%
636 Alpthal
65%
2’702 Schübelbach
65%
217 Stoos
63%
7'869 Siebnen
62%
46 Rigi
60%
1’224 Merlischachen
58%
1’113 Willerzell
58%
4’850 Ibach
57%
536 Egg
55%
2’169 Oberarth
55%
2’358 Bäch
53%
77 Bisisthal
53%
715 Euthal
53%
295 Hurden
53%
3’935 Wilen bei Wollerau
53%
1’375 Rickenbach bei Schwyz
52%
2’737 Büttikon
50%
1’405 Gross
50%
1’413 Trachslau
48%
571 Ried (Muotathal)
47%
459 Studen
35%
Keine übereinstimmenden Quizze gefunden
Verteilung der Resultate
Anzahl Personen mit jedem Resultat
Perzentil nach korrekt beantworteten Fragen
Ihre Resultats-Entwicklung
Sie haben dieses Quiz noch nicht gespielt